00754nam a2200217 i 4500003000900000005001700009007000300026008004100029040003000070082001300100100004300113245009300156264005100249300004000300336002700340337003300367338002800400650002400428650002700452710005700479DO-SdBNP20260321073646.0ta241217s1969 dr a 000 0 spa d aDO-SdBNPbspacBNPHUerda bB7422221 a Bosch, Juan, d1909-2001eautor4aut.10aTrujijohnson, Perez y Balaguer : buna pagina para la historia dominicana /cBosch, Juan 1aBenidorm, Alicante, España :b[FUSD],c1969. a14 páginasbilustracionesc18 cm. atextobtxt2rdacontent asin mediaciónbn2rdamedia avolumenbnc2rdacarrier 0aPoesía dominicana 0aLiteratura dominicana.1 aFrente Universitario Socialista Democrático (FUSD)